[Event "ROM-ch U10 Girls"]
[Site "Calimanesti Caciulata"]
[Date "2019.04.20"]
[Round "7.19"]
[White "Iacob, Amelia Jasmine"]
[Black "Dumitrache, Ema Alexandra"]
[Result "0-1"]
[WhiteElo "1001"]
[BlackElo "1001"]
[PlyCount "132"]
[EventDate "2019.04.15"]
[EventType "swiss"]
[EventRounds "9"]
[EventCountry "ROU"]
[SourceTitle "EXT 2024"]
[Source "ChessBase"]
[SourceDate "2023.10.10"]
[SourceVersion "1"]
[SourceVersionDate "2023.10.10"]
[SourceQuality "1"]

1. d4 e5 2. c4 exd4 3. Qxd4 f5 4. Nc3 Bb4 5. e3 Qf6 6. Qd2 Nc6 7. Nf3 b6 8. a3 Be7 9. Bd3 g6 10. 0-0 Bb7 11. b3 Na5 12. Qd1 Qxc3 13. Bd2 Qxd3 14. Rb1 Bxf3 15. Qxf3 Qe4 16. Qe2 Bxa3 17. f3 Qe5 18. f4 Qd6 19. Bc3 Nf6 20. Rbd1 Qc6 21. Be5 0-0-0 22. e4 Bd6 23. Bxf6 Bc5+ 24. Bd4 Bxd4+ 25. Rxd4 Qc5 26. Rfd1 Nxb3 27. Qf2 Nxd4 28. Rxd4 fxe4 29. Rd5 Qxf2+ 30. Kxf2 Rhe8 31. c5 bxc5 32. Rxc5 e3+ 33. Ke2 Re4 34. g3 d6 35. Ra5 c5 36. Rxa7 d5 37. Rxh7 c4 38. Ra7 d4 39. Ra4 Ree8 40. Rxc4+ Kb7 41. Rb4+ Kc6 42. Rb2 Rh8 43. Rc2+ Kd5 44. h4 Ke6 45. Rc6+ Kf5 46. g4+ Kxg4 47. Rxg6+ Kxf4 48. Rf6+ Ke4 49. h5 d3+ 50. Kd1 e2+ 51. Ke1 d2+ 52. Kxe2 d1Q+ 53. Kf2 Rhf8 54. Rxf8 Rxf8+ 55. Kg2 Qd3 56. h6 Rf2+ 57. Kxf2 Qe3+ 58. Kg2 Qf4 59. h7 Qh6 60. Kf1 Qxh7 61. Kg2 Qf7 62. Kh2 Qf3 63. Kg1 Ke3 64. Kh2 Qg4 65. Kh1 Kf2 66. Kh2 Qg2# 0-1